000 00458nam a22001697a 4500
005 20251119132831.0
082 _a621.3 NAV
100 _aNavas K A
_9548
100 _aSuhail T A
_9605
100 _aAbhiraj T K
_9956
245 _aIntroduction to Electrical and Electronics Engineering : Electrical Group A and B_KTU 2024 Scheme
250 _a1
260 _aIlahia Publishers
_bMuvattupuzha
_c2024
546 _aEnglish
650 _aEEE
_94
942 _cBK
999 _c38031
_d38031